Bande dessinée - Vocabulaire - Statistiques

Statistiques générales
  • Ce quiz a été pris 49 fois
  • Le résultat moyen est 6 sur 24
Statistiques - réponses
Définition Mot ou expression % Correct
Forme variable qui, dans une vignette, contient les paroles ou pensées des personnages reproduites au style direct Bulle
84%
Page entière de B.D., composée de plusieurs bandes. Planche
70%
Mot qui imite un son ; les onomatopées constituent le bruitage de la bande dessinée Onomatopée
49%
Le décor disparaît ; il cadre en général le visage et fait ressortir les jeux de physionomie Gros plan
42%
Image d’une bande dessinée délimitée par un cadre. Vignette
42%
Vue de dessous Contre-plongée
33%
Décor secondaire ; prédominance des personnages, coupés à mi-cuisse Plan américain
30%
Vue de dessus Plongée
30%
Succession de plans qui rapprochent progressivement le sujet. Zoom
30%
Succession horizontale de plusieurs images. Bande
21%
Personnages vus de près ; coupés à la ceinture Plan rapproché
21%
Manière dont le texte est imprimé : caractères, forme, épaisseur, disposition... Typographie
21%
Cadre les personnages en entier ; il précise l’action. Plan moyen
16%
Encadré rectangulaire contenant des éléments narratifs et descriptifs assumés par le narrateur, appelés également commentaires. Cartouche
14%
Permet d’identifier le locuteur. Il prend la forme d’une flèche pour les paroles et de petits ronds pour les pensées. Appendice
12%
Symbole ou petit dessin exprimant une pensée ou un sentiment. Idéogramme
12%
Vue d’ensemble, de très loin; prédominance du décor ; détails et personnages très réduits Plan panoramique
12%
Suite d’images se présentant dans le même décor Scène
12%
Vue d’ensemble, mais de moins loin ; décor important, mais détails plus visibles Plan général
7%
Suite d'images ou de scènes formant un ensemble, même si elles ne se présentent pas dans le même décor. Séquence
7%
Une partie du visage ou de l'objet est coupé Très gros plan
7%
Réalisation à l’encre de Chine des textes et dialogues d'une bande dessinée Lettrage
5%
Les personnages semblent traverser l’image d’un côté à l’autre, créant ainsi l’illusion du mouvement Travelling latéral
5%
Petits traits de forme variable qui soulignent le mouvement d’un élément de l’image Tirets de mouvements
2%
Aucun quiz correspondant
Distribution des résultats
% des personnes avec chaque résultat
Percentile par nombre de réponses
Votre historique - résultats
Vous n’avez pas pris ce quiz